Catálogo público

Bovinos de leche / Johan H. Koeslag; colaborador A. Fernán Castellanos Echeverría...[et. al]; revisión Johan D. Berlijn...[et. al] (Record no. 216912)

MARC details
000 -CABECERA
campo de control de longitud fija 01147nam a2200277Ia 4500
001 - NÚMERO DE CONTROL
campo de control Z_3409
008 - DATOS DE LONGITUD FIJA--INFORMACIÓN GENERAL
campo de control de longitud fija 220601s9999 xx 000 0 und d
020 ## - NÚMERO INTERNACIONAL ESTÁNDAR DEL LIBRO
Número Internacional Estándar del Libro 968-24-3904-3
082 ## - NÚMERO DE LA CLASIFICACIÓN DECIMAL DEWEY
Número de clasificación 636.214 B685 1999
245 ## - MENCIÓN DE TÍTULO
Título Bovinos de leche / Johan H. Koeslag; colaborador A. Fernán Castellanos Echeverría...[et. al]; revisión Johan D. Berlijn...[et. al]
250 ## - MENCIÓN DE EDICIÓN
Mención de edición 2a ed.
260 ## - PUBLICACIÓN, DISTRIBUCIÓN, ETC.
Lugar de publicación, distribución, etc. México : Trillas
300 ## - DESCRIPCIÓN FÍSICA
Extensión 110 p.
440 ## - MENCIÓN DE SERIE/PUNTO DE ACCESO ADICIONAL--TÍTULO
Título Manuales para educación agropecuaria : área producción animal ; 7
9 (RLIN) 140598
500 ## - NOTA GENERAL
Nota general Basado en el trabajo de Johan H. Koeslag. Este manaual ha sido elaborado dentro de un proyecto de cooperación técnica internacional de la DGETA, SEP, FAO Y PNUD
503 ## - NOTA DE HISTORIA BIBLIOGRÁFICA (BK CF MU) [OBSOLETO]
Nota de historia bibliográfica ej.1: s/n \ ej.2: C/E \ ej.3: C/E
504 ## - NOTA DE BIBLIOGRAFÍA, ETC.
Nota de bibliografía, etc. Incluye índice
650 ## - PUNTO DE ACCESO ADICIONAL DE MATERIA--TÉRMINO DE MATERIA
Término de materia o nombre geográfico como elemento de entrada 1. Ganado de leche - Manuales
650 ## - PUNTO DE ACCESO ADICIONAL DE MATERIA--TÉRMINO DE MATERIA
Término de materia o nombre geográfico como elemento de entrada Establos lecheros - Manuales
700 ## - PUNTO DE ACCESO ADICIONAL--NOMBRE DE PERSONA
Nombre de persona Koeslag, Johan H. \ Castellanos Echeverría, A. Fernán, colab. \ Berlijn, Johan D., rev.Ì
9 (RLIN) 180403
901 ## - ELEMENTOS DE DATOS A LOCAL LDA (RLIN)
a 636.214 B685 1999
902 ## - ELEMENTOS DE DATOS B LOCAL, LDB (RLIN)
a M
905 ## - ELEMENTOS DE DATOS E LOCAL, LDE (RLIN)
a 5232221999 1990 mx an 8221113311spa16
942 ## - ELEMENTOS DE PUNTO DE ACCESO ADICIONAL (KOHA)
Tipo de ítem Koha Libro_
Holdings
Estado de retiro Estado de pérdida Fuente del sistema de clasificación o colocación Estado dañado No para préstamo Código de colección Localización permanente Ubicación/localización actual Ubicación en estantería Fecha de adquisición Total de préstamos Código de barras Fecha visto por última vez Fecha del último préstamo Número de copia Precio válido a partir de Tipo de ítem Koha
    Dewey Decimal Classification     General Zootecnia Zootecnia   09/11/2005 4 z_3927 15/11/2024 15/11/2024 3 02/06/2022 Libro
    Dewey Decimal Classification     General Zootecnia Zootecnia   09/11/2005 5 z_3924 29/10/2025 29/10/2025 1 02/06/2022 Libro
    Dewey Decimal Classification     General Zootecnia Zootecnia   09/11/2005 1 z_3925 07/11/2023 07/11/2023 2 02/06/2022 Libro